[Event "ch-CHN w"]
[Site "Xinghua CHN"]
[Date "2010.05.31"]
[Round "7"]
[White "Zhang Xiaowen"]
[Black "Ju Wenjun"]
[Result "0-1"]
[WhiteElo "2426"]
[BlackElo "2500"]
[EventDate "2010.05.24"]

1. e4 c5 2. Nf3 d6 3. d4 cxd4 4. Nxd4 Nf6 5. Nc3 a6 6. Bd3 Nc6 7. Nxc6 bxc6
8. O-O g6 9. Bc4 Qc7 10. f4 Bg7 11. Qe2 O-O 12. Kh1 e6 13. Bd3 Bb7 14. b3
Nd5 15. Nxd5 cxd5 16. Rb1 dxe4 17. Bxe4 Bxe4 18. Qxe4 d5 19. Qe2 Rfc8 20.
Rf2 Qa5 21. c4 dxc4 22. bxc4 Qa4 23. h3 Rxc4 24. Be3 Rac8 25. Rb6 R4c6 26.
Rxc6 Qxc6 27. Kh2 h5 28. Rf1 Qc4 29. Qf2 Qd3 30. Rc1 Rxc1 31. Bxc1 Bd4 32.
Qh4 Kg7 33. Qe1 Qc2 34. a3 Qc5 35. Qd2 Qc3 36. Qxc3 Bxc3 37. g4 hxg4 38.
hxg4 Kf6 39. Kg3 Ke7 40. Kf3 Kd6 41. Ke4 Kc5 42. Kd3 Bg7 43. g5 Kb5 44. Kc2
Ka4 45. Bb2 Bf8 46. Be5 Bxa3 47. Kc3 Kb5 48. Kd3 a5 49. Ba1 a4 50. Ke4 Kc4
51. Ke5 Be7 52. Bb2 Kb3 53. Bd4 a3 54. Ke4 a2 55. Kd3 Ba3 0-1

[Event "ch-CHN w"]
[Site "Xinghua CHN"]
[Date "2010.05.31"]
[Round "7"]
[White "Huang Qian"]
[Black "Tan Zhongyi"]
[Result "0-1"]
[WhiteElo "2437"]
[BlackElo "2464"]
[EventDate "2010.05.24"]

1. Nf3 Nf6 2. c4 g6 3. g3 d6 4. d4 Bg7 5. Bg2 O-O 6. Nc3 Nbd7 7. O-O e5 8.
e4 exd4 9. Nxd4 Re8 10. Re1 a6 11. Rb1 Ne5 12. b3 c5 13. Nc2 Bg4 14. f3 Be6
15. Bb2 Qd7 16. Nd5 Nxd5 17. cxd5 Bh3 18. Ne3 Bxg2 19. Kxg2 Qc7 20. Qc2 b5
21. f4 Nd7 22. Bxg7 Kxg7 23. Qc3+ f6 24. Ng4 Re7 25. Nf2 Rae8 26. Red1 b4
27. Qb2 a5 28. Rbc1 Qb7 29. Qc2 f5 30. exf5 Nf6 31. Qc4 Re2 32. Kg1 gxf5
33. Qd3 Qf7 34. Rc2 Rxc2 35. Qxc2 Nxd5 36. Qc4 Nc3 37. Qxf7+ Kxf7 38. Rxd6
Re1+ 39. Kg2 Re2 0-1

[Event "ch-CHN w"]
[Site "Xinghua CHN"]
[Date "2010.05.31"]
[Round "7"]
[White "Wang Jue"]
[Black "Gu Xiaobing"]
[Result "1/2-1/2"]
[WhiteElo "2180"]
[BlackElo "2361"]
[EventDate "2010.05.24"]

1. e4 c5 2. Nf3 d6 3. d4 cxd4 4. Nxd4 Nf6 5. Nc3 a6 6. Be3 e5 7. Nf3 Be7 8.
Bc4 O-O 9. O-O Nc6 10. Qe2 b5 11. Bb3 Be6 12. Rfd1 Qc7 13. Bg5 Ng4 14. Bxe7
Qxe7 15. Nd5 Bxd5 16. Bxd5 Rac8 17. c3 Nf6 18. a4 Qb7 19. Nh4 g6 20. Qe3
Qe7 21. Nf3 Qc7 22. axb5 axb5 23. Ra6 Nxd5 24. Rxd5 b4 25. h4 Ra8 26. Rxa8
Rxa8 27. Qh6 bxc3 28. bxc3 Nd8 29. Qd2 Nb7 30. h5 Rc8 31. hxg6 hxg6 32. Qh6
Qxc3 33. Rd1 Qb3 34. Ra1 Qe6 35. Ra7 Rb8 36. Qd2 Nc5 37. Ng5 Rb1+ 38. Kh2
Qg4 39. f3 Qh4+ 40. Nh3 Rb6 41. g3 Qd8 42. Qa2 Ne6 43. Kg2 Rb8 44. Qd2 Qf6
45. Qh6 Rb2+ 46. Nf2 Qd8 47. Ra6 Qc8 48. Ra7 Nd4 49. Ra1 Qf8 50. Qh3 Nc2
51. Rc1 Qd8 52. Kg1 Kg7 53. Ng4 Qg5 54. f4 exf4 55. gxf4 Qc5+ 56. Kh1 Qh5
57. Qxh5 gxh5 58. Nf2 Nd4 59. Rg1+ Kf8 60. Nd3 Rd2 61. Rg3 Re2 62. e5 d5
63. Nb4 Nf5 64. Rg5 Ne3 65. Rxh5 d4 66. Rh8+ Kg7 67. Rd8 Nf5 68. Nd5 Nh4
69. Kg1 Rd2 70. Ne7 Re2 71. Kf1 Re4 72. Rg8+ Kh7 73. Rg4 Nf3 74. Kf2 Nxe5
75. Rh4+ Kg7 76. fxe5 Rxh4 77. Nf5+ Kg6 78. Nxh4+ Kg5 79. Nf3+ Kf5 80. Ke2
f6 81. exf6 Kxf6 82. Kd3 1/2-1/2

[Event "ch-CHN w"]
[Site "Xinghua CHN"]
[Date "2010.05.31"]
[Round "7"]
[White "Wang Doudou"]
[Black "Zhao Xue"]
[Result "0-1"]
[WhiteElo "2216"]
[BlackElo "2493"]
[EventDate "2010.05.24"]

1. d4 Nf6 2. c4 e6 3. Nf3 b6 4. g3 Ba6 5. Qa4 c5 6. Bg2 Bb7 7. dxc5 bxc5 8.
Nc3 Be7 9. O-O O-O 10. Rd1 Qb6 11. Qb5 Rd8 12. Bf4 d6 13. Qxb6 axb6 14. Rd2
Nc6 15. Rad1 Ne8 16. b3 Nb4 17. Ne1 Bxg2 18. Kxg2 Bf6 19. Na4 Rxa4 20. bxa4
Bc3 21. Rb1 Bxd2 22. Bxd2 Nc6 23. Nd3 Rb8 24. a5 bxa5 25. Rxb8 Nxb8 26.
Bxa5 Kf8 27. e4 Ke7 28. f4 f5 29. e5 Nd7 30. exd6+ Nxd6 31. Nb2 e5 32. fxe5
Nxe5 33. Bc3 Ke6 34. Na4 Ne4 35. Bxe5 Kxe5 36. Kf3 Kd4 37. Kf4 g6 38. Nb6
Nd6 39. g4 fxg4 40. Kxg4 Nxc4 41. Na4 Ne5+ 42. Kf4 c4 43. h4 Nd7 44. Kf3 c3
45. Nxc3 Kxc3 46. Ke4 Kc4 47. a3 Nc5+ 48. Ke5 Nd7+ 49. Ke6 h6 50. Kxd7 g5
51. hxg5 hxg5 52. a4 g4 53. Kc6 Kb4 0-1

[Event "ch-CHN w"]
[Site "Xinghua CHN"]
[Date "2010.06.01"]
[Round "8"]
[White "Gu Xiaobing"]
[Black "Zhao Xue"]
[Result "1-0"]
[WhiteElo "2361"]
[BlackElo "2493"]
[EventDate "2010.05.24"]

1. e4 e5 2. Nf3 Nc6 3. Bb5 a6 4. Bxc6 dxc6 5. O-O Be7 6. d3 Bf6 7. Nbd2 Ne7
8. d4 Ng6 9. dxe5 Nxe5 10. Nxe5 Bxe5 11. Qh5 Bf6 12. e5 Be7 13. Ne4 Qd5 14.
Re1 Qe6 15. Bg5 Bxg5 16. Nf6+ Kf8 17. Qxg5 h6 18. Qg3 gxf6 19. Rad1 Qg4 20.
Rd8+ Kg7 21. exf6+ Kh7 22. Rxh8+ Kxh8 23. Re8+ 1-0

[Event "ch-CHN w"]
[Site "Xinghua CHN"]
[Date "2010.06.01"]
[Round "8"]
[White "Tan Zhongyi"]
[Black "Wang Doudou"]
[Result "1-0"]
[WhiteElo "2464"]
[BlackElo "2216"]
[EventDate "2010.05.24"]

1. d4 Nf6 2. c4 g6 3. Nc3 Bg7 4. e4 d6 5. Nf3 O-O 6. Be2 e5 7. O-O Nc6 8.
d5 Ne7 9. Nd2 a5 10. b3 Ne8 11. Ba3 b6 12. b4 f5 13. bxa5 Rxa5 14. Bb4 Ra8
15. a4 Kh8 16. Nb5 Bh6 17. a5 c5 18. Bc3 bxa5 19. f4 Bg7 20. fxe5 dxe5 21.
Nb3 Nd6 22. Bxa5 Rxa5 23. Rxa5 Nxe4 24. Bf3 Nd6 25. Nxd6 Qxd6 26. Nxc5 e4
27. Be2 Be5 28. Kh1 Qf6 29. g3 f4 30. gxf4 Bc7 31. Ra8 Bh3 32. Qa1 Kg7 33.
Rxf8 Qxa1 34. Rxa1 Kxf8 35. Nxe4 Bxf4 36. Ra8+ Kf7 37. Ra7 Kf8 38. Bf3 Nf5
39. c5 Nh4 40. Rxh7 g5 41. Rh5 Ke7 42. Nxg5 Bxg5 43. Rxg5 Nxf3 44. Rg3 Bf5
45. Rxf3 1-0

[Event "ch-CHN w"]
[Site "Xinghua CHN"]
[Date "2010.06.01"]
[Round "8"]
[White "Ju Wenjun"]
[Black "Huang Qian"]
[Result "1/2-1/2"]
[WhiteElo "2500"]
[BlackElo "2437"]
[EventDate "2010.05.24"]

1. d4 Nf6 2. c4 g6 3. g3 Bg7 4. Bg2 O-O 5. Nc3 d6 6. Nf3 Nbd7 7. O-O e5 8.
e4 a6 9. h3 b5 10. cxb5 axb5 11. b4 c6 12. dxe5 Nxe5 13. Nxe5 dxe5 14. Qc2
Be6 15. a4 Qc8 16. Bg5 Bc4 17. Rfc1 Qe6 18. axb5 cxb5 19. Qd2 Rad8 20. Qe3
h6 21. Bxf6 Bxf6 22. Qxh6 Qe7 23. h4 Bg7 24. Qe3 Qxb4 25. Rcb1 Qd6 26. Nxb5
Bxb5 27. Rxb5 Qd4 28. Qxd4 Rxd4 29. Rb7 Rd6 30. Bf1 Rc8 31. Raa7 Rf6 32.
Rc7 Rxc7 33. Rxc7 Bf8 34. Bc4 Bd6 35. Rc8+ Kg7 36. Kg2 Be7 37. f3 Ba3 38.
Rc7 Bd6 39. Rd7 Bb4 40. Rb7 Bc3 41. Rb3 Bd4 42. Rb7 Bc3 43. Be2 Bd4 44. Kh3
Rc6 45. Bd1 Rb6 46. Rc7 Ra6 47. Bb3 Ra7 48. Rc8 Ra1 49. Rc7 Ra7 50. Rxa7
1/2-1/2

[Event "ch-CHN w"]
[Site "Xinghua CHN"]
[Date "2010.06.01"]
[Round "8"]
[White "Zhang Jilin"]
[Black "Zhang Xiaowen"]
[Result "1/2-1/2"]
[WhiteElo "2280"]
[BlackElo "2426"]
[EventDate "2010.05.24"]

1. e4 e6 2. d4 d5 3. exd5 exd5 4. Nf3 Bd6 5. Bd3 Ne7 6. O-O Bg4 7. Nbd2
Nbc6 8. c3 Qd7 9. b4 Ng6 10. Re1+ Nce7 11. Qc2 f6 12. h3 Be6 13. Nb3 b6 14.
Qe2 Kf7 15. Nh2 Bxh3 16. gxh3 Qxh3 17. f4 Nh4 18. Be3 Rae8 19. Qf2 g5 20.
Bf1 Qf5 21. fxg5 Bxh2+ 22. Kxh2 Nf3+ 23. Kg3 Nxe1 24. Rxe1 Qxf2+ 25. Kxf2
Nf5 26. gxf6 Nxe3 27. Rxe3 Rxe3 28. Kxe3 Kxf6 29. Bg2 c6 30. Nd2 Re8+ 31.
Kf2 b5 32. Nf3 Ke7 33. Ne5 Kd6 34. Bh3 Re7 35. Bf5 a5 36. a3 a4 37. Bg4 Rg7
38. Bh5 Rg8 39. Bf7 Rf8 40. Kg2 Ke7 41. Bh5 Kd6 42. Bf7 Ke7 43. Bh5 Rc8 44.
Kf3 Kd6 45. Bf7 Rf8 1/2-1/2

[Event "ch-CHN w"]
[Site "Xinghua CHN"]
[Date "2010.06.01"]
[Round "8"]
[White "Wang Jue"]
[Black "Wang Yu A"]
[Result "1/2-1/2"]
[WhiteElo "2180"]
[BlackElo "2337"]
[EventDate "2010.05.24"]

1. e4 e5 2. Nf3 Nc6 3. Bb5 a6 4. Ba4 Nf6 5. O-O Be7 6. Re1 b5 7. Bb3 d6 8.
c3 O-O 9. h3 Na5 10. Bc2 d5 11. exd5 e4 12. Bxe4 Nxe4 13. Rxe4 Bb7 14. d3
Bxd5 15. Re1 Re8 16. Bf4 c5 17. Nbd2 Bb7 18. Re3 Bf8 19. Qe2 Rxe3 20. fxe3
Qd7 21. Rf1 f6 22. d4 cxd4 23. exd4 Bd5 24. a4 Re8 25. Qd3 Nc4 26. b3 Nxd2
27. Nxd2 bxa4 28. c4 Bf7 29. d5 Bg6 30. Qc3 a3 31. b4 a5 32. Qxa3 Bxb4 33.
Qf3 Qa7+ 34. Kh2 Qd4 35. Nb3 Qxc4 36. Rc1 Qe4 37. d6 Qxf3 38. gxf3 Rd8 39.
Rc6 Be8 40. Rb6 g5 41. Bg3 h5 42. h4 gxh4 43. Bf4 Bd7 44. Bd2 Bxd2 45. Nxd2
Kf7 46. Ra6 a4 47. Ne4 Rc8 48. Ra5 Rc2+ 49. Kg1 h3 50. Nc5 h2+ 51. Kh1 Bc6
52. Ne4 Ke6 53. Ra7 Bxe4 54. fxe4 Kxd6 55. Rxa4 Ke5 56. Ra5+ Kf4 57. Ra4
Kg3 58. Ra3+ Kg4 59. Ra4 Kg3 60. Ra3+ Kf4 61. Ra4 Re2 62. e5+ Kxe5 63. Ra5+
Ke4 64. Re5+ Kd3 65. Ra5 Ke3 66. Re5+ Kf2 67. Rf5+ Kg3 68. Rf3+ Kg4 69.
Rf4+ 1/2-1/2

[Event "ch-CHN w"]
[Site "Xinghua CHN"]
[Date "2010.06.02"]
[Round "9"]
[White "Wang Yu A"]
[Black "Gu Xiaobing"]
[Result "1-0"]
[WhiteElo "2337"]
[BlackElo "2361"]
[EventDate "2010.05.24"]

1. e4 c5 2. Nf3 d6 3. d4 cxd4 4. Qxd4 Nc6 5. Bb5 Bd7 6. Bxc6 Bxc6 7. c4 Nf6
8. Nc3 e6 9. O-O Be7 10. Rd1 O-O 11. b3 a6 12. a4 Qa5 13. Ba3 Rfd8 14. h3
Bf8 15. b4 Qh5 16. b5 axb5 17. axb5 e5 18. Qd3 Bd7 19. Ne2 Qg6 20. Ng3 Nh5
21. Nxh5 Qxh5 22. Bb4 Rab8 23. Bxd6 Bxh3 24. Bxb8 Rxd3 25. Rxd3 Qg4 26. Ne1
Qc8 27. Bd6 Be6 28. c5 f6 29. Bxf8 Kxf8 30. Rc1 h5 31. c6 bxc6 32. bxc6 Qc7
33. g3 g5 34. Ng2 h4 35. Ne3 Bc8 36. Nd5 Qh7 37. Nxf6 Qg6 38. Nd7+ Kg7 39.
Nb6 Bh3 40. Re3 Qd6 41. Nd5 Bc8 42. c7 h3 43. g4 Qe6 44. Rg3 Qh6 45. Ne7
h2+ 46. Kh1 Qf6 47. Nxc8 Qxf2 48. Rgc3 1-0

[Event "ch-CHN w"]
[Site "Xinghua CHN"]
[Date "2010.06.02"]
[Round "9"]
[White "Ding Yixin"]
[Black "Wang Jue"]
[Result "0-1"]
[WhiteElo "2327"]
[BlackElo "2180"]
[EventDate "2010.05.24"]

1. e4 c5 2. Nf3 d6 3. Bc4 Nf6 4. d3 Nc6 5. h3 e6 6. Bb3 Be7 7. O-O O-O 8.
c3 b5 9. Re1 Qc7 10. Nbd2 h6 11. Nf1 Rd8 12. Ng3 Bf8 13. d4 e5 14. dxc5
dxc5 15. Qe2 c4 16. Bc2 Be6 17. Nf5 Bxf5 18. exf5 Re8 19. Nh2 e4 20. Ng4
Nxg4 21. hxg4 Ne5 22. Bxe4 Rad8 23. Be3 Bc5 24. Rad1 Bxe3 25. fxe3 Qe7 26.
Rxd8 Rxd8 27. Rf1 Rd6 28. Bc2 Qd8 29. Rd1 Rxd1+ 30. Bxd1 Qg5 31. Qd2 Nxg4
32. Bxg4 Qxg4 33. Qd7 Qe4 34. Qxb5 Qxe3+ 35. Kh2 Qf4+ 36. Kh3 Qe4 37. Qd7
Qd3+ 0-1

[Event "ch-CHN w"]
[Site "Xinghua CHN"]
[Date "2010.06.02"]
[Round "9"]
[White "Huang Qian"]
[Black "Zhang Jilin"]
[Result "1-0"]
[WhiteElo "2437"]
[BlackElo "2280"]
[EventDate "2010.05.24"]

1. Nf3 Nf6 2. c4 g6 3. Nc3 c5 4. g3 Bg7 5. Bg2 Nc6 6. d4 cxd4 7. Nxd4 Nxd4
8. Qxd4 d6 9. O-O O-O 10. Qd3 Rb8 11. Bd2 Bd7 12. Rac1 Bc6 13. Nd5 e6 14.
Nxf6+ Qxf6 15. Bc3 Qe7 16. e4 Bxc3 17. Qxc3 f5 18. Rfe1 f4 19. b4 b6 20.
Qd4 e5 21. Qd3 Rf6 22. Red1 Rbf8 23. Rd2 Qb7 24. b5 Be8 25. gxf4 Qe7 26.
fxe5 dxe5 27. c5 bxc5 28. Qd5+ Bf7 29. Qxc5 Qe8 30. a4 a6 31. b6 Qxa4 32.
b7 Bb3 33. Qxe5 Qb4 34. Qxf6 Rxf6 35. Rd8+ Rf8 36. Rxf8+ Kxf8 37. Rc8+ 1-0

[Event "ch-CHN w"]
[Site "Xinghua CHN"]
[Date "2010.06.02"]
[Round "9"]
[White "Wang Doudou"]
[Black "Ju Wenjun"]
[Result "0-1"]
[WhiteElo "2216"]
[BlackElo "2500"]
[EventDate "2010.05.24"]

1. d4 Nf6 2. c4 c5 3. d5 e5 4. Nc3 d6 5. e4 Be7 6. g3 O-O 7. Bg2 Nbd7 8.
Nge2 a6 9. O-O Ne8 10. Be3 Nc7 11. a4 b6 12. Qd2 Rb8 13. b3 b5 14. a5 b4
15. Na4 Ne8 16. g4 g6 17. Ng3 Ng7 18. Kh1 Bh4 19. Nb2 Nf6 20. f3 h5 21.
gxh5 Nfxh5 22. Nxh5 Nxh5 23. Na4 Qf6 24. Nb6 Nf4 25. Bxf4 exf4 26. Nxc8
Rfxc8 27. Ra2 Re8 28. Rg1 Kg7 29. Bf1 Re5 30. Rg2 Rh8 31. Kg1 Kg8 32. Bd3
Reh5 33. Qb2 Qe7 34. Qd2 Bg5 35. Bf1 Rh4 36. Qd1 Bf6 37. Qd3 Kg7 38. Qd1
Be5 39. Kh1 Bd4 40. Qd3 Rxh2+ 41. Rxh2 Qg5 42. Qxd4+ cxd4 43. Rxh8 Kxh8 44.
Bg2 Qh4+ 45. Kg1 Qe1+ 46. Kh2 d3 47. c5 dxc5 48. d6 d2 49. Rxd2 Qxd2 50. e5
c4 0-1

[Event "ch-CHN w"]
[Site "Xinghua CHN"]
[Date "2010.06.02"]
[Round "9"]
[White "Zhao Xue"]
[Black "Tan Zhongyi"]
[Result "1/2-1/2"]
[WhiteElo "2493"]
[BlackElo "2464"]
[EventDate "2010.05.24"]

1. d4 Nf6 2. c4 g6 3. Nc3 d5 4. cxd5 Nxd5 5. Bd2 Bg7 6. Nf3 O-O 7. Rc1 Nb6
8. Bg5 h6 9. Bf4 c6 10. e3 Bg4 11. Be2 N8d7 12. O-O Bxf3 13. Bxf3 e5 14.
Bg3 exd4 15. exd4 Nf6 16. Be5 Nc4 17. Re1 Re8 18. Re2 Nxe5 19. dxe5 Nh7 20.
e6 fxe6 21. Rd2 Qa5 22. Qb3 Ng5 23. Be2 Qc5 24. Qc2 Rf8 25. Bd3 Rad8 26. h4
Nf7 27. Bxg6 Rxd2 28. Qxd2 Nh8 29. Nd1 Qd5 30. Qxd5 exd5 31. Bh5 1/2-1/2

[Event "ch-CHN w"]
[Site "Xinghua CHN"]
[Date "2010.06.03"]
[Round "10"]
[White "Gu Xiaobing"]
[Black "Tan Zhongyi"]
[Result "0-1"]
[WhiteElo "2361"]
[BlackElo "2464"]
[EventDate "2010.05.24"]

1. e4 d6 2. d4 Nf6 3. Nc3 g6 4. f4 Bg7 5. Nf3 c5 6. Bb5+ Bd7 7. Bxd7+ Nbxd7
8. d5 O-O 9. O-O b5 10. e5 dxe5 11. fxe5 Ng4 12. e6 fxe6 13. h3 Nge5 14.
dxe6 Nxf3+ 15. Rxf3 Rxf3 16. Qxf3 Ne5 17. Qe4 Qd4+ 18. Qxd4 cxd4 19. Nxb5
d3 20. cxd3 Nxd3 21. Be3 Bxb2 22. Rd1 Nb4 23. Bc5 Nc6 24. Rd7 Bf6 25. Kf1
a5 26. Rc7 Nd8 27. Bxe7 Nxe6 28. Bxf6 Nxc7 29. Nxc7 Rf8 30. Nd5 Kf7 31. Bg5
Kg7+ 32. Ke2 Rf5 33. Nc7 Rxg5 34. Ne6+ Kf6 35. Nxg5 Kxg5 36. g3 h5 37. Kf3
Kf5 38. Ke3 g5 39. Kf3 a4 40. g4+ hxg4+ 41. hxg4+ Ke5 42. Ke3 a3 43. Kf3
Kd4 44. Kg2 Kc3 45. Kf2 Kb2 0-1

[Event "ch-CHN w"]
[Site "Xinghua CHN"]
[Date "2010.06.03"]
[Round "10"]
[White "Zhang Jilin"]
[Black "Wang Doudou"]
[Result "1/2-1/2"]
[WhiteElo "2280"]
[BlackElo "2216"]
[EventDate "2010.05.24"]

1. e4 e5 2. Bc4 Nf6 3. d3 c6 4. Nf3 d5 5. exd5 cxd5 6. Bb3 Bb4+ 7. Bd2
Bxd2+ 8. Nbxd2 Nc6 9. O-O O-O 10. Re1 Re8 11. Nf1 a5 12. Ba4 Qc7 13. d4 e4
14. Ne5 Re7 15. Nxc6 bxc6 16. Ne3 Be6 17. c3 Rb8 18. Qd2 Qb6 19. Rab1 h6
20. b4 Reb7 21. a3 Qa6 22. Bd1 Ne8 23. Be2 Qa7 24. Nc2 Nd6 25. Na1 a4 26.
Nc2 Rc7 27. Ra1 Bc8 28. Ne3 Ba6 29. c4 Nxc4 30. Nxc4 Bxc4 31. Bxc4 dxc4 32.
Rxe4 Rd7 33. Qc3 Rbd8 34. Qxc4 Rxd4 35. Rxd4 Qxd4 36. Qxd4 Rxd4 37. g3 Rd3
38. Kg2 g6 39. Rc1 Rxa3 40. Rxc6 Rb3 41. Rb6 a3 42. Ra6 Rxb4 1/2-1/2

[Event "ch-CHN w"]
[Site "Xinghua CHN"]
[Date "2010.06.03"]
[Round "10"]
[White "Wang Jue"]
[Black "Zhang Xiaowen"]
[Result "1-0"]
[WhiteElo "2180"]
[BlackElo "2426"]
[EventDate "2010.05.24"]

1. e4 e6 2. d4 d5 3. Nc3 Be7 4. e5 b6 5. Qg4 g6 6. Bb5+ c6 7. Bd3 Ba6 8.
Bxa6 Nxa6 9. Qe2 Nc7 10. Nf3 h5 11. h4 Nh6 12. Bxh6 Rxh6 13. Qe3 Rh8 14.
Ne2 Kd7 15. Nf4 Ne8 16. b3 Ng7 17. c4 Nf5 18. Qd3 Ke8 19. g3 Kf8 20. Ke2
Qc8 21. Rac1 Qb7 22. Rhg1 dxc4 23. bxc4 Qa6 24. d5 cxd5 25. cxd5 Qxd3+ 26.
Kxd3 exd5 27. e6 Bd6 28. Ng5 Bxf4 29. gxf4 fxe6 30. Rc7 Re8 31. Rf7+ Kg8
32. Rxa7 Nxh4 33. Kd4 Nf5+ 34. Ke5 Ng7 35. Nf7 Rh7 36. Rxg6 h4 37. Ng5 h3
38. Nxh7 1-0

[Event "ch-CHN w"]
[Site "Xinghua CHN"]
[Date "2010.06.03"]
[Round "10"]
[White "Wang Yu A"]
[Black "Ding Yixin"]
[Result "1/2-1/2"]
[WhiteElo "2337"]
[BlackElo "2327"]
[EventDate "2010.05.24"]

1. e4 c5 2. Nf3 d6 3. d4 cxd4 4. Nxd4 Nf6 5. Nc3 a6 6. Be3 Ng4 7. Bc1 Nf6
8. Be3 Ng4 9. Bc1 Nf6 10. Be3 e5 11. Nf3 Be7 12. Bc4 O-O 13. O-O Nc6 14.
Bg5 Be6 15. Bb3 Nd7 16. Bxe7 Qxe7 17. Nd5 Qd8 18. c3 Na5 19. Re1 Rc8 20. h3
b5 21. Nh2 Nc4 22. Bxc4 bxc4 23. b4 cxb3 24. axb3 Bxd5 25. Qxd5 Qb6 26.
Red1 Nf6 27. Qxd6 Qxd6 28. Rxd6 Rxc3 29. f3 Rxb3 30. Rdxa6 Nh5 31. Ng4
1/2-1/2

[Event "ch-CHN w"]
[Site "Xinghua CHN"]
[Date "2010.06.04"]
[Round "11"]
[White "Ding Yixin"]
[Black "Gu Xiaobing"]
[Result "1/2-1/2"]
[WhiteElo "2327"]
[BlackElo "2361"]
[EventDate "2010.05.24"]

1. e4 c5 2. Nf3 d6 3. d4 cxd4 4. Nxd4 Nf6 5. Nc3 Nc6 6. g3 g6 7. Bg2 Nxd4
8. Qxd4 Bg7 9. O-O O-O 10. h3 Be6 11. Qd1 Rc8 12. Be3 Qa5 13. Re1 Rfd8 14.
Nd5 Re8 15. c3 Nd7 16. a4 Ne5 17. Bd4 Nc4 18. b4 Qa6 19. Bxg7 Kxg7 20. Qd4+
Kg8 21. a5 Bxd5 22. exd5 Rc7 23. f4 Rec8 24. h4 b6 25. Bh3 Re8 26. Reb1 Qb7
27. Bf1 Qc8 28. Re1 bxa5 29. bxa5 Rc5 30. h5 Nxa5 31. h6 f6 32. Qb4 Qc7 33.
Bb5 Rb8 34. Qxa5 Rbxb5 35. Qxa7 Rxc3 36. Qxc7 Rxc7 37. Ra8+ Kf7 38. Rh8 g5
39. fxg5 fxg5 40. Rxh7+ Kg6 41. Rhxe7 Rxe7 42. Rxe7 Kxh6 43. Re6+ Kh5 44.
Rxd6 Kg4 45. Kf2 Rb3 46. Rg6 Kf5 47. Rh6 Kg4 48. d6 Rxg3 49. Ke2 Ra3 50. d7
Ra8 51. Re6 Rd8 52. Re7 Kf5 53. Kf3 Kf6 54. Ke4 1/2-1/2

[Event "ch-CHN w"]
[Site "Xinghua CHN"]
[Date "2010.06.04"]
[Round "11"]
[White "Zhang Xiaowen"]
[Black "Wang Yu A"]
[Result "1/2-1/2"]
[WhiteElo "2426"]
[BlackElo "2337"]
[EventDate "2010.05.24"]

1. e4 e5 2. Nf3 Nc6 3. Bb5 a6 4. Ba4 Nf6 5. O-O Be7 6. Re1 b5 7. Bb3 d6 8.
c3 O-O 9. h3 Na5 10. Bc2 c5 11. d4 Qc7 12. Nbd2 cxd4 13. cxd4 Nc6 14. Nb3
a5 15. Be3 a4 16. Nbd2 Bd7 17. Rc1 Qb7 18. Qe2 Rfe8 19. Bd3 Rab8 20. dxe5
Nxe5 21. Nxe5 dxe5 22. Bc5 Bxc5 23. Rxc5 Rbc8 24. Rec1 Rxc5 25. Rxc5 Qb6
26. Qe3 Qe6 27. Bxb5 Qxa2 28. Qa3 Qxa3 29. bxa3 Bxb5 30. Rxb5 h6 1/2-1/2

[Event "ch-CHN w"]
[Site "Xinghua CHN"]
[Date "2010.06.04"]
[Round "11"]
[White "Huang Qian"]
[Black "Wang Jue"]
[Result "1/2-1/2"]
[WhiteElo "2437"]
[BlackElo "2180"]
[EventDate "2010.05.24"]

1. d4 Nf6 2. c4 g6 3. Nc3 Bg7 4. Nf3 O-O 5. e4 d6 6. Be2 e5 7. O-O Nc6 8.
d5 Ne7 9. b4 Nh5 10. Re1 f5 11. Ng5 Nf6 12. Bf3 c6 13. b5 cxd5 14. cxd5 h6
15. Ne6 Bxe6 16. dxe6 fxe4 17. Nxe4 Nxe4 18. Bxe4 d5 19. Ba3 dxe4 20. Qxd8
Rfxd8 21. Bxe7 Re8 22. Bc5 Rxe6 23. Rxe4 a6 24. bxa6 Rexa6 25. a3 Bf8 26.
Bxf8 Kxf8 27. Re3 b5 28. Rb3 b4 29. Rxb4 Rxa3 30. Rxa3 Rxa3 31. g3 1/2-1/2

[Event "ch-CHN w"]
[Site "Xinghua CHN"]
[Date "2010.06.04"]
[Round "11"]
[White "Zhao Xue"]
[Black "Zhang Jilin"]
[Result "1-0"]
[WhiteElo "2493"]
[BlackElo "2280"]
[EventDate "2010.05.24"]

1. d4 Nf6 2. c4 c5 3. d5 e6 4. Nc3 exd5 5. cxd5 d6 6. Nf3 g6 7. Nd2 Bg7 8.
Nc4 O-O 9. g3 b6 10. a4 Na6 11. Bf4 Nb4 12. Bg2 Ba6 13. Nb5 Bxb5 14. axb5
Qd7 15. Bxd6 Rfe8 16. Be5 Nfxd5 17. Bxg7 Kxg7 18. O-O Rad8 19. e4 Nf6 20.
Qxd7 Rxd7 21. e5 Nfd5 22. f4 Red8 23. Rf2 Nc7 24. Nd6 Rxd6 25. exd6 Nxb5
26. Bf1 Nxd6 27. Rxa7 Nc6 28. Ra6 Nd4 29. Bg2 b5 30. h3 h5 31. Kh2 b4 32.
Rf1 c4 33. Rb6 b3 34. Re1 N6f5 35. Re5 Nc2 36. Rd5 Re8 37. Rd2 Nfe3 38. Rb7
Ne1 39. Bc6 Rf8 40. Kg1 Nd3 41. Bb5 Ra8 42. Re2 Ra1+ 43. Kh2 Ra2 44. Rxe3
Rxb2+ 45. Kg1 Rb1+ 46. Kg2 Rb2+ 47. Kf1 Rb1+ 48. Ke2 Rb2+ 49. Kd1 Nf2+ 50.
Ke1 Nd3+ 51. Rxd3 cxd3 52. Bxd3 Rg2 53. Rxb3 Rxg3 54. Ke2 Rxh3 55. Rb7 Rh4
56. Ke3 Rg4 57. Be2 Rg3+ 58. Kd4 h4 59. Bc4 h3 60. Bxf7 h2 61. Bd5+ Kh6 62.
Rb2 Rh3 63. Bh1 g5 64. Rb8 Kg7 65. fxg5 Rg3 66. Rb2 Rg4+ 67. Ke3 Rxg5 68.
Rxh2 Kf6 69. Be4 Ke5 70. Rh8 Rg3+ 71. Bf3 Rg1 72. Rh5+ Ke6 73. Kf4 Rf1 74.
Rh6+ Ke7 75. Ra6 Kd7 76. Ke3 Kc7 77. Be4 Re1+ 78. Kd4 Rd1+ 79. Ke5 Re1 80.
Rh6 Rd1 81. Bf3 Rf1 82. Rc6+ Kd7 83. Rc3 Rg1 84. Be4 Re1 85. Rb3 Rc1 86.
Rb6 Rd1 87. Rb7+ Kc8 88. Rh7 Kb8 89. Bd5 Rg1 90. Kd6 Rd1 91. Rb7+ Kc8 92.
Rb4 Rd2 93. Rf4 Kb8 94. Ra4 1-0

[Event "ch-CHN w"]
[Site "Xinghua CHN"]
[Date "2010.06.04"]
[Round "11"]
[White "Tan Zhongyi"]
[Black "Ju Wenjun"]
[Result "1-0"]
[WhiteElo "2464"]
[BlackElo "2500"]
[EventDate "2010.05.24"]

1. d4 Nf6 2. c4 g6 3. Nc3 Bg7 4. e4 d6 5. Nf3 O-O 6. Be2 e5 7. Be3 Ng4 8.
Bg5 f6 9. Bh4 Nc6 10. d5 Ne7 11. Nd2 Nh6 12. f3 c5 13. dxc6 bxc6 14. b4 Be6
15. Nb3 d5 16. Nc5 Bf7 17. O-O Kh8 18. Qd2 d4 19. N3a4 Nhg8 20. Bd3 Qd6 21.
Nb7 Qc7 22. Nac5 Nc8 23. Na5 Nd6 24. a4 a6 25. Rfc1 Ne7 26. Nxa6 Rxa6 27.
c5 Ra7 28. cxd6 Qxd6 29. Nc4 Qd7 30. Nb6 Qd6 31. a5 Rb8 32. Rab1 Bf8 33.
Qc2 g5 34. Be1 Be8 35. Qc5 Ng6 36. Qxd6 Bxd6 37. g3 Ne7 38. Kf1 Kg7 39. Ke2
Bc7 40. Na4 Bd6 41. Nc5 h5 42. h3 Ng6 43. Kd1 h4 44. gxh4 Nxh4 45. Bxh4
gxh4 46. a6 Kh6 47. Ke2 Rb6 48. Rg1 Bf7 49. Nb7 Raxb7 50. axb7 Rxb7 51.
Rbc1 Rb6 52. b5 cxb5 53. Rc8 Kh7 54. Rg4 b4 55. Rxh4+ Kg7 56. Rg4+ Kh7 57.
Rh4+ Kg7 58. f4 Rb8 59. Rc6 Rd8 60. f5 b3 61. Rg4+ Kh7 62. Rg1 Rd7 63. Rb1
Be7 64. Bc4 Bxc4+ 65. Rxc4 Rb7 66. Ra4 Kh6 67. Ra8 b2 68. Kd3 Bc5 69. Kc4
d3 70. Kxc5 d2 71. Ra6 Kg5 72. h4+ Kf4 73. Rxf6 Rc7+ 74. Rc6 Rd7 75. Rd6
Rc7+ 76. Kb6 Rc1 77. Rxb2 d1=Q 78. Rxd1 Rxd1 79. f6 Rf1 80. Kc7 Kxe4 81.
Rb6 Kf5 82. Kd7 Kg4 83. Rb4+ Kh5 84. Kc7 Kg6 85. Rg4+ Kh5 86. Re4 1-0